000 00799nam a22002297a 4500
005 20170124110058.0
010 _aB-160938
020 _c00.00
_a8183240496
035 _aB-160938
037 _bCen Lib/Ret
040 _aDPL
_bEN
082 _a954.36
_bMUR
100 _aMurthy, R.V.R.
_926845
245 _aAndaman and Nicobar Islands :
_cby R.V.R.Murthy
_bdevelopment and decentralization /
260 _bMittal Publications
_aNew Delhi
_c2005
270 _aA-110, Mohan Garden
_bNew Delhi
_e110059
300 _ax,228p.
_c21cm(Hb)
500 _aIncludes bibliographical references and index
650 _aDecentralization in government -- Andaman and Nicobar
_926846
650 _aLocal government -- Andaman and Nicobar Islands
_926847
942 _2ddc
_cEN
_h954.36
_mMUR
999 _c129596
_d129596